Welcome to CU Library Online Public Access Catalogue (OPAC)

Mercantile Law (Record no. 884)

MARC details
000 -LEADER
fixed length control field 00442nam a22001577a 4500
005 - DATE AND TIME OF LATEST TRANSACTION
control field 20241108134038.0
008 - FIXED-LENGTH DATA ELEMENTS--GENERAL INFORMATION
fixed length control field 241108b |||||||| |||| 00| 0 eng d
020 ## - INTERNATIONAL STANDARD BOOK NUMBER
International Standard Book Number 9789325960107
100 ## - MAIN ENTRY--PERSONAL NAME
Personal name Kuchhal Vivek & Kuchhal M.C.
245 ## - TITLE STATEMENT
Title Mercantile Law
250 ## - EDITION STATEMENT
Edition statement Eighth Edition
260 ## - PUBLICATION, DISTRIBUTION, ETC.
Place of publication, distribution, etc. Noida, India
Name of publisher, distributor, etc. Vikas Publishing House PVT. Ltd
Date of publication, distribution, etc. 2013
300 ## - PHYSICAL DESCRIPTION
Extent xxix, 690 pages
Dimensions 21 cm
650 ## - SUBJECT ADDED ENTRY--TOPICAL TERM
Source of heading or term Mercantile Law
General subdivision India
942 ## - ADDED ENTRY ELEMENTS (KOHA)
Source of classification or shelving scheme Library of Congress Classification
Koha item type Books
Suppress in OPAC No
999 ## -
-- 884
-- 884
Holdings
Withdrawn status Lost status Source of classification or shelving scheme Damaged status Not for loan Collection Home library Current library Shelving location Date acquired Total checkouts Full call number Barcode Date last seen Copy number Price effective from Koha item type
    Library of Congress Classification     Non-fiction Law Library (Christ Temple) Law Library (Christ Temple) General stacks 01/20/2025   KNS926.K95 KUC LLCT00000211 01/20/2025 2 01/20/2025 Books
    Library of Congress Classification     Non-fiction Law Library (Miotso) Law Library (Miotso) General stacks 11/08/2024   KNS926.K95 KUC LLM00000741 11/08/2024 1 11/08/2024 Books
© 2023-2024 Copyright: Central University Libraries. All Rights Reserved | Created by: Mahone Tech Office